000 00584nam a2200133Ia 4500
008 220615s9999||||xx |||||||||||||| ||und||
022 _a16648714
100 _aMichelle L. Hall||Naomi E. Langmore
245 0 _aFitness Costs and Benefits of Female Song
546 _aEnglish[eng]
650 _afemale-female competition||sexual selection||social selection||female ornaments||vocal learning||sexual dimorphism||female fitness||birdsong||duetting||resource defense
856 _uhttp://journal.frontiersin.org/researchtopic/3139/fitness-costs-and-benefits-of-female-song
942 _cEB
999 _c16484
_d16484